000 01357cam a2200349 i 4500
003 SA-RiAUC
005 20250915065239.0
008 250910s2000 le g 000 0bara c
040 _aSA-JeALM
_bara
_cSA-RiAUC
_erda
082 0 4 _a920
090 _a920
_bس ع د
100 1 _aسعد الله، أبو القاسم،
_d1930-2013
_eمؤلف.
245 1 0 _aأعيان من المشارقة والمغاربة :
_bتاريخ عبد الحميد بيك المتوفى سنة 1280 هـ.، 1863 م. /
_cأبو القاسم سعد الله.
264 1 _aبيروت :
_bدار الغرب الإسلامي،
_c2000.
300 _a269 صفحة ؛
_c22 سم
336 _aنص
_btxt
_2rdacontent
_3كتاب
337 _aبدون وسيط
_bn
_2rdamedia
338 _aمجلد
_bnc
_2rdacarrier
500 _aإهداء من احمد عبدالله بن حميد بتاريخ 1426/11/22 هـ
600 1 7 _aآغا، عبد الحميد بن خليل بن مصطفى،
_dتوفى 1280 هجري
_2aucnm
650 7 _aتراجم
_2aucsh
653 _aالبيوغرافيات.
653 _aBIOGRAPHIE.
653 _aالأعيان.
653 _aNOTABLE.
653 _aالعثمانيون.
653 _aOTTOMAN.
653 _aMAGHREB.
653 _aالمغرب العربي.
942 _2ddc
_cBOOK
_n0
949 _aSA-JeALM
_d250910
_umohamedma123
_n1
999 _c11748
_d11748